000
00286nam a2200109Ia 4500
008
171211s9999 xx 000 0 und d
245
3
_a
An Introduction to Acrylics
245
_c
Ray Smith
260
_c
1998
650
_x
Design
856
_u
http://down.ebook777.com/062/0789432870.pdf
999
_c
347895
_d
347895